Deadliest Volcanic Eruptions - Statistics

General Stats
  • This quiz has been taken 49 times
  • The average score is 5 of 15
Answer Stats
Death Toll Year Country/Territory Answer % Correct
36,000+ 1883 Indonesia Krakatoa
98%
3,360 1631 Italy Vesuvius
88%
2000+ 79 Italy Vesuvius
88%
~71,000 1815 Indonesia Tambora
60%
30,000 1902 Martinique Pelee
40%
23,000 1985 Colombia Nevado del Ruiz
28%
~5,000,000 1783 Iceland Laki
21%
15,000 1792 Japan Unzen
21%
6,000 1902 Guatemala Santa Maria
16%
3,500 1982 Mexico El Chichon
12%
4,011 1822 Indonesia Galunggung
12%
~2,000,000 1600 Peru Huaynaputina
9%
10,000 1586 Indonesia Kelud
9%
5,000 1919 Indonesia Kelud
9%
2,942 1951 Papua New Guinea Lamington
9%
No matching quizzes found
Score Distribution
Percent of People with Each Score
Percentile by Number Answered
Your Score History
You have not taken this quiz